00831nam a2200217 i 4500001000700000003000900007005001700016007000300033008004100036100004400077245014100121260004800262300003000310490001300340700002600353700004000379830002100419852003200440999001900472952012200491141437ES-MaACL20230906200308.0t|070924s1964 sp ||||1| spa d1 aVillatte des Prûgnes, Robert.911516713aLa caza en el llano / cRobert Villatte des Prûgnes ; ilustrado con dibujos de R. Reboussier ; [traducido por M. Bartolomé López]. aBarcelona : bEd. Hispano-Europea, c[1964] a264 p. : bil. ; c21 cm.1 aHerakles1 aReboussier, R.9957271 aBartolomé López, Manuel.9261710 aHerakles9180867 aES-MaACLjC-26628 bR.55596 c141437d141437 00104070aATENEOMbATENEOMcDEPO2d2008-01-17eSCl0oC-26628p1147170r2023-02-23 00:00:00w2023-02-23yMONOGRAFIA